[Event "Thessaloniki-Chalkidiki-chT B local"]
[Site "Thessaloniki"]
[Date "2019.03.03"]
[Round "7.2"]
[White "Kourtesis, Dimos"]
[Black "Tsinaris, Fotis"]
[Result "0-1"]
[WhiteElo "1626"]
[BlackElo "1923"]
[PlyCount "78"]
[EventDate "2019.01.13"]
[EventType "team-swiss"]
[EventRounds "9"]
[EventCountry "GRE"]
[SourceTitle "EXT 2020"]
[Source "ChessBase"]
[SourceDate "2019.10.17"]
[SourceVersion "1"]
[SourceVersionDate "2019.10.17"]
[SourceQuality "1"]

1. e4 c5 2. Nf3 d6 3. Bb5+ Nd7 4. c4 a6 5. Bxd7+ Bxd7 6. h3 b5 7. d3 e6 8. b3 Nf6 9. 0-0 Bc6 10. Nc3 b4 11. Ne2 Be7 12. Ng3 0-0 13. Bb2 Qc7 14. Re1 Qb7 15. Qc2 e5 16. Nh2 g6 17. Rf1 Nd7 18. f4 Bh4 19. Nh1 Bf6 20. f5 Bg5 21. g4 Be3+ 22. Nf2 Nf6 23. Qe2 Bf4 24. Nf3 gxf5 25. gxf5 Kh8 26. Ne1 Rg8+ 27. Ng2 Rg5 28. h4 Rg7 29. Kh1 Bg3 30. Bc1 Rag8 31. Bh6 Qe7 32. Bxg7+ Rxg7 33. Nh3 Bxh4 34. Rf3 Ng4 35. Raf1 Qf6 36. Rg1 Qh6 37. Ne3 Nf2+ 38. Kh2 Rxg1 39. Nxg1 Bg5+ 0-1

[Event "Thessaloniki-Chalkidiki-chT B local"]
[Site "Thessaloniki"]
[Date "2019.02.24"]
[Round "6.3"]
[White "Tolias, Dimitrios"]
[Black "Kourtesis, Dimos"]
[Result "0-1"]
[WhiteElo "1613"]
[BlackElo "1626"]
[PlyCount "78"]
[EventDate "2019.01.13"]
[EventType "team-swiss"]
[EventRounds "9"]
[EventCountry "GRE"]
[SourceTitle "EXT 2020"]
[Source "ChessBase"]
[SourceDate "2019.10.17"]
[SourceVersion "1"]
[SourceVersionDate "2019.10.17"]
[SourceQuality "1"]

1. g3 d5 2. Bg2 Nf6 3. c4 e6 4. d3 Be7 5. Bf4 0-0 6. Nf3 d4 7. 0-0 c5 8. Na3 a6 9. Nc2 Nc6 10. Ne5 Nxe5 11. Bxe5 Bd6 12. Bxf6 Qxf6 13. a3 Rb8 14. b4 Bd7 15. Qd2 b5 16. Rfc1 Rfc8 17. bxc5 Bxc5 18. Nb4 Rb6 19. Ra2 a5 20. Nc2 b4 21. axb4 axb4 22. Ra7 Qd8 23. Rb1 Rcb8 24. e3 e5 25. exd4 exd4 26. Qf4 Be6 27. Re1 Qf6 28. Qxf6 gxf6 29. Rb1 b3 30. Na3 Kf8 31. Ra5 Bb4 32. Ra7 Bc3 33. Nb5 b2 34. Ra3 Bf5 35. Bf1 Re6 36. Nxc3 dxc3 37. Rxc3 Ra6 38. Rc2 Ra1 39. Rcxb2 Rxb1 0-1

[Event "Thessaloniki-Chalkidiki-chT B local"]
[Site "Thessaloniki"]
[Date "2019.02.17"]
[Round "5.2"]
[White "Navrozidis, Georgios"]
[Black "Kourtesis, Dimos"]
[Result "1-0"]
[WhiteElo "1621"]
[BlackElo "1626"]
[PlyCount "93"]
[EventDate "2019.01.13"]
[EventType "team-swiss"]
[EventRounds "9"]
[EventCountry "GRE"]
[SourceTitle "EXT 2020"]
[Source "ChessBase"]
[SourceDate "2019.10.17"]
[SourceVersion "1"]
[SourceVersionDate "2019.10.17"]
[SourceQuality "1"]

1. f4 d5 2. Nf3 e6 3. e3 Nf6 4. b3 c5 5. Bb2 a6 6. a4 Be7 7. Ne5 0-0 8. Bd3 Nbd7 9. 0-0 Nxe5 10. fxe5 Nd7 11. Qh5 g6 12. Qg4 Kg7 13. a5 f5 14. exf6+ Bxf6 15. Bxf6+ Rxf6 16. Nc3 Ne5 17. Qg3 Nxd3 18. cxd3 Rxf1+ 19. Rxf1 Bd7 20. Qe5+ Kg8 21. Nd1 Qe7 22. Nf2 Rf8 23. Ng4 Rxf1+ 24. Kxf1 Qf7+ 25. Ke2 Kf8 26. Qh8+ Ke7 27. Ne5 Qe8 28. Qxh7+ Kd6 29. Nf7+ Kc7 30. Qxg6 Qe7 31. Qg3+ Kc6 32. Ne5+ Kb5 33. Qf4 Kxa5 34. h4 Be8 35. Kd1 b5 36. Qg5 Qxg5 37. hxg5 Kb4 38. Kc2 Ka3 39. g6 Bxg6 40. Nxg6 Ka2 41. Ne5 a5 42. Nc6 a4 43. b4 cxb4 44. Nxb4+ Ka3 45. Kc3 e5 46. Nc2+ Ka2 47. g4 1-0

[Event "Thessaloniki-Chalkidiki CupT"]
[Site "Thessaloniki"]
[Date "2019.02.09"]
[Round "1.2"]
[White "Kourtesis, Dimos"]
[Black "Konstantinidis, Konstantinos"]
[Result "0-1"]
[WhiteElo "1523"]
[BlackElo "1963"]
[PlyCount "80"]
[EventDate "2019.02.09"]
[EventType "team-swiss"]
[EventRounds "5"]
[EventCountry "GRE"]
[SourceTitle "EXT 2021"]
[Source "ChessBase"]
[SourceDate "2020.10.23"]
[SourceVersion "1"]
[SourceVersionDate "2020.10.23"]
[SourceQuality "1"]

1. e4 d6 2. d4 Nf6 3. Nc3 g6 4. Nf3 Bg7 5. h3 0-0 6. Bc4 Nxe4 7. Nxe4 d5 8. Bd3 dxe4 9. Bxe4 Nd7 10. c3 Nf6 11. Bc2 Qd6 12. Be3 Nd5 13. Qd2 Nxe3 14. Qxe3 Be6 15. 0-0 Bd5 16. Rfe1 e6 17. b3 b5 18. Be4 Bxe4 19. Qxe4 c5 20. Red1 Rfd8 21. Qe2 Qb6 22. Qb2 b4 23. cxb4 cxd4 24. Qd2 e5 25. Rac1 e4 26. Ne1 d3 27. Rc4 Bd4 28. Kf1 Qf6 29. f3 Re8 30. Nxd3 exd3 31. Qxd3 Bb6 32. Qc2 Rad8 33. Rc1 Qd6 34. g4 Qg3 35. Qg2 Qxg2+ 36. Kxg2 Rd2+ 37. Kg3 Bf2+ 38. Kf4 Be3+ 39. Kg3 g5 40. R1c2 Bf4+ 0-1

[Event "Thessaloniki-Chalkidiki-chT B local"]
[Site "Thessaloniki"]
[Date "2019.01.13"]
[Round "1.3"]
[White "Kourtesis, Dimos"]
[Black "Christoforidis, Christoforos"]
[Result "0-1"]
[WhiteElo "1626"]
[BlackElo "1622"]
[PlyCount "125"]
[EventDate "2019.01.13"]
[EventType "team-swiss"]
[EventRounds "9"]
[EventCountry "GRE"]
[SourceTitle "EXT 2020"]
[Source "ChessBase"]
[SourceDate "2019.10.17"]
[SourceVersion "1"]
[SourceVersionDate "2019.10.17"]
[SourceQuality "1"]

1. e4 e5 2. Nf3 Nc6 3. Bc4 Bc5 4. a4 Nf6 5. d3 d6 6. 0-0 h6 7. h3 0-0 8. c3 a5 9. Re1 Re8 10. Nbd2 Ne7 11. Nf1 Ng6 12. Ng3 Be6 13. Bxe6 fxe6 14. Be3 Ba7 15. d4 exd4 16. cxd4 Qd7 17. Qc2 Qf7 18. Rac1 Rac8 19. Qd3 c5 20. Qb5 b6 21. Red1 Qb7 22. dxc5 dxc5 23. e5 Nd5 24. Bxc5 Ndf4 25. Ne1 Nxe5 26. Be3 Nd5 27. Bd2 Rf8 28. Ne4 Rxc1 29. Bxc1 Qc7 30. Bd2 Qc4 31. Qxc4 Nxc4 32. b3 Nxd2 33. Rxd2 Bb8 34. Rc2 Nb4 35. Re2 Re8 36. Nc3 Bd6 37. Nb5 Bb8 38. Nf3 e5 39. g3 Kf7 40. Nd2 Nd5 41. Nc4 Kf6 42. Kg2 Re6 43. Rd2 Nc7 44. Nbd6 Na6 45. Ne4+ Ke7 46. Rd5 Bc7 47. Rd3 Nb4 48. Rd2 Nc6 49. Nc3 Nd4 50. Nd5+ Kd7 51. Rd3 Kc6 52. Nxc7 Kxc7 53. f4 Nc6 54. fxe5 Nb4 55. Re3 Kc6 56. Kf3 Kd5 57. Kf4 g6 58. h4 Kc6 59. Ke4 Na6 60. h5 Nc7 61. hxg6 Rxg6 62. Kf5 Rg5+ 63. Kf6 0-1

[Event "Thessaloniki Aris op"]
[Site "Thessaloniki"]
[Date "2014.10.27"]
[Round "5.4"]
[White "Kourtesis, Dimos"]
[Black "Sideris, Giorgos"]
[Result "0-1"]
[WhiteElo "1645"]
[BlackElo "1971"]
[PlyCount "52"]
[EventDate "2014.10.24"]
[EventType "swiss"]
[EventRounds "6"]
[EventCountry "GRE"]
[SourceTitle "EXT 2024"]
[Source "ChessBase"]
[SourceDate "2023.10.10"]
[SourceVersion "1"]
[SourceVersionDate "2023.10.10"]
[SourceQuality "1"]

1. e4 g6 2. d4 Bg7 3. f4 c5 4. Nf3 cxd4 5. Nxd4 Nc6 6. c3 d6 7. Nf3 Nf6 8. Qd3 0-0 9. Be2 d5 10. exd5 Nxd5 11. 0-0 Bf5 12. Qb5 a6 13. Qb3 b5 14. Kh1 Ra7 15. c4 Na5 16. Qd1 Nxc4 17. Bxc4 bxc4 18. Nd4 Qd7 19. Nc3 Bd3 20. Nde2 Nxc3 21. bxc3 Rd8 22. Be3 Rb7 23. Bd4 Bxd4 24. cxd4 Rb2 25. Re1 Qd5 26. a3 Qe4 0-1